Andhra Pradesh village panchayats act, 1959 (Record no. 488535)

000 -LEADER
fixed length control field 00326cam a22001097a 4500
008 - FIXED-LENGTH DATA ELEMENTS--GENERAL INFORMATION
fixed length control field 180718b1959 xxu||||| |||| 00| 0 eng d
082 ## - DEWEY DECIMAL CLASSIFICATION NUMBER
Classification number B71103x5451 An24b/1959
100 ## - MAIN ENTRY--PERSONAL NAME
Personal name Andhra Pradesh. Legislative Assembly
245 ## - TITLE STATEMENT
Title Andhra Pradesh village panchayats act, 1959
260 ## - PUBLICATION, DISTRIBUTION, ETC.
Place of publication, distribution, etc. Hyderabad
Name of publisher, distributor, etc. The author
Date of publication, distribution, etc. 1959
300 ## - PHYSICAL DESCRIPTION
Extent v.p.
Holdings
Withdrawn status Lost status Damaged status Not for loan Permanent Location Current Location Date acquired Full call number Barcode Date last seen Price effective from Koha item type
        Indian Institute of Public Administration Indian Institute of Public Administration 2018-08-04 B71103x5451 An24b/1959 GG5727 2018-08-04 2018-08-04 GG

Powered by Koha